Normal view
MARC view
Entry Personal Name
001 - CONTROL NUMBER
- control field: 18642
003 - CONTROL NUMBER IDENTIFIER
- control field: ARRUPE
005 - DATE AND TIME OF LATEST TRANSACTION
- control field: 20150818142741.0
008 - FIXED-LENGTH DATA ELEMENTS
- fixed length control field: 150818|| aca||aabn | a|a d
040 ## - CATALOGING SOURCE
- Original cataloging agency: ARRUPE
- Transcribing agency: ARRUPE
100 ## - HEADING--PERSONAL NAME
- Personal name: Joad, C. E. M.
- Fuller form of name: (Cyril Edwin Mitchinson),
- Dates associated with a name: 1891-1953.
670 ## - SOURCE DATA FOUND
- Source citation: Work cat.: (ARRUPE)0: Joad, C. E. M. (Cyril Edwin Mitchinson), 1891-1953., Decadence;, [1948]